Trnavská PSA chce pre nový model investičné stimuly
Silné postavenie trnavského závodu vo francúzskom koncerne. Ku kľúčovému modelu Peugeot 208 pribudne nový Citroën C3. Požiadavka na investičnú pomoc. Výstavba vlastnej motorárne.
Salvato in:
| Autore principale: | |
|---|---|
| Natura: | Capitolo di libro |
| Lingua: | slovacco |
| Soggetti: | |
| Tags: |
Nessun Tag, puoi essere il primo ad aggiungerne!!
|
MARC
| LEADER | 00000naa a2200000 4500 | ||
|---|---|---|---|
| 001 | 0229404 | ||
| 005 | 20221104112815.2 | ||
| 041 | 0 | |a slo | |
| 044 | |a SK | ||
| 245 | 1 | 0 | |a Trnavská PSA chce pre nový model investičné stimuly |c Lukáš Kvašňák |
| 520 | |a Silné postavenie trnavského závodu vo francúzskom koncerne. Ku kľúčovému modelu Peugeot 208 pribudne nový Citroën C3. Požiadavka na investičnú pomoc. Výstavba vlastnej motorárne. | ||
| 610 | 2 | 0 | |a priemysel automobilový |
| 610 | 2 | 0 | |a automobily osobné |
| 610 | 2 | 0 | |a výroba |
| 610 | 2 | 0 | |a firmy |
| 610 | 2 | 0 | |a investície |
| 610 | 2 | 0 | |a stimuly |
| 610 | 2 | 0 | |a Slovensko |
| 100 | 1 | |a Kvašňák, Lukáš | |